[Event "SR 2. liga A 2011/2012"]
[Site "?"]
[Date "2012.02.25"]
[Round "55.3"]
[White "Dudas, Jan"]
[Black "Dolnak, Michal"]
[Result "1-0"]
[WhiteElo "2211"]
[BlackElo "2098"]
[PlyCount "91"]
[EventDate "2011.??.??"]
[WhiteTeam "Slovakia"]
[BlackTeam "Slovakia"]
[WhiteTeamCountry "SVK"]
[BlackTeamCountry "SVK"]

1. e4 e5 2. Nf3 Nc6 3. Bb5 a6 4. Ba4 Nf6 5. O-O Be7 6. Re1 b5 7. Bb3 O-O 8. d4
d6 9. c3 Bg4 10. Be3 d5 11. exd5 Nxd5 12. dxe5 Nxe3 13. Rxe3 Qxd1+ 14. Bxd1 Bc5
15. Re1 Rfe8 16. Nbd2 Rad8 17. Bb3 Re7 18. h3 Bf5 19. g4 Bc8 20. Re2 h5 21. e6
Bxe6 22. Bxe6 Rxe6 23. Rxe6 fxe6 24. Re1 hxg4 25. hxg4 e5 26. Ne4 Bb6 27. Kg2
Kf7 28. Re2 Ke7 29. Ng3 Rd5 30. Nh5 Kf8 31. Ng5 Rd6 32. f3 g6 33. Ng3 Rd1 34.
N3e4 Nd8 35. Nf6 Kg7 36. Ne8+ Kf8 37. Rxe5 Rd2+ 38. Kh3 Nf7 39. Nh7+ Kg8 40.
Nef6+ Kg7 41. Re8 Rxb2 42. Rg8+ Kh6 43. f4 Be3 44. Nf8 Ng5+ 45. fxg5+ Kxg5 46.
Nd5 1-0

[Event "SR 2. liga A 2011/2012"]
[Site "?"]
[Date "2012.02.25"]
[Round "55.4"]
[White "Kebis, Milos"]
[Black "Todor, Razvan"]
[Result "0-1"]
[WhiteElo "2008"]
[BlackElo "2199"]
[PlyCount "124"]
[EventDate "2011.??.??"]
[WhiteTeam "Slovakia"]
[BlackTeam "Slovakia"]
[WhiteTeamCountry "SVK"]
[BlackTeamCountry "SVK"]

1. c4 c5 2. Nf3 Nc6 3. d4 cxd4 4. Nxd4 g6 5. e4 Bg7 6. Be3 Nf6 7. Nc3 Qa5 8.
Nb3 Qd8 9. Be2 O-O 10. O-O d6 11. f3 Be6 12. Rc1 b6 13. Qd2 Re8 14. Rfd1 Rc8
15. Nd5 Ne5 16. Nd4 Bd7 17. b3 Bc6 18. Bf4 Ned7 19. Bf1 Bb7 20. g3 a6 21. Bh3
Rb8 22. Rc2 Ba8 23. Bg2 Qc8 24. Bh3 Qd8 25. Nb4 Qc8 26. Be3 Bb7 27. Nd5 Qd8 28.
Ne2 Ba8 29. a4 Nc5 30. Rb1 e6 31. Ndc3 Qc7 32. Bf1 Red8 33. Nd4 Qb7 34. b4 Ncd7
35. Qf2 Rbc8 36. Nb3 d5 37. exd5 exd5 38. c5 Ne5 39. b5 axb5 40. Nxb5 bxc5 41.
Nxc5 Qe7 42. Bd4 Nfd7 43. Bg2 Nxc5 44. Bxc5 Qf6 45. Bd4 Rxc2 46. Qxc2 Nxf3+ 47.
Bxf3 Qxf3 48. Bxg7 Kxg7 49. Nd4 Qe3+ 50. Qf2 Qg5 51. Rf1 Qe7 52. Re1 Qd6 53.
Qb2 Kg8 54. Qf2 Bb7 55. Rf1 Rd7 56. Qf6 Ba6 57. Rf4 Bc4 58. h4 Qxf6 59. Rxf6
Ra7 60. Nc6 Rxa4 61. Kf2 Kg7 62. Rd6 Ra6 0-1

[Event "SR 2. liga A 2011/2012"]
[Site "?"]
[Date "2012.02.25"]
[Round "55.5"]
[White "Petrik, Stanislav"]
[Black "Mandak, Miroslav"]
[Result "0-1"]
[WhiteElo "2165"]
[BlackElo "2003"]
[PlyCount "80"]
[EventDate "2011.??.??"]
[WhiteTeam "Slovakia"]
[BlackTeam "Slovakia"]
[WhiteTeamCountry "SVK"]
[BlackTeamCountry "SVK"]

1. e4 e6 2. c4 c6 3. Nf3 d5 4. Nc3 d4 5. Ne2 c5 6. Nf4 Nc6 7. d3 Bd6 8. Be2 Nf6
9. O-O h6 10. Ne1 Qc7 11. g3 Bd7 12. Nh5 Nxh5 13. Bxh5 g6 14. Be2 O-O-O 15. f4
e5 16. f5 gxf5 17. exf5 Ne7 18. f6 Ng6 19. Bf3 Rde8 20. Be4 Reg8 21. Qh5 Nf4
22. Qxf7 Rf8 23. Qg7 Rfg8 24. Bxf4 exf4 25. Bd5 Rxg7 26. fxg7 Rd8 27. g8=Q Rxg8
28. Bxg8 Bh3 29. Ng2 Qg7 30. Bd5 fxg3 31. Rae1 gxh2+ 32. Kh1 Bd7 33. Rf7 Qg3
34. Bxb7+ Kxb7 35. Rxd7+ Kc6 36. Rh7 Qg6 37. Rh8 Qxd3 38. Rxh6 Qxc4 39. Rf6 Kd7
40. Rf7+ Qxf7 0-1

[Event "SR 2. liga A 2011/2012"]
[Site "?"]
[Date "2012.02.25"]
[Round "55.6"]
[White "Povysil, Peter"]
[Black "Petrik, Karol"]
[Result "0-1"]
[WhiteElo "1990"]
[BlackElo "2082"]
[PlyCount "62"]
[EventDate "2011.??.??"]
[WhiteTeam "Slovakia"]
[BlackTeam "Slovakia"]
[WhiteTeamCountry "SVK"]
[BlackTeamCountry "SVK"]

1. e4 c6 2. d4 d5 3. f3 g6 4. Nc3 Bg7 5. Be3 Qb6 6. Qd2 dxe4 7. fxe4 Nf6 8. Nf3
Qxb2 9. Rb1 Qa3 10. Bd3 O-O 11. O-O Ng4 12. Bf4 e5 13. Rb3 Qa5 14. dxe5 Nxe5
15. Nxe5 Bxe5 16. Bh6 Qc5+ 17. Kh1 Bg7 18. Bxg7 Kxg7 19. Ne2 Nd7 20. Ng3 Qe5
21. Nf5+ Kh8 22. Nh6 Qg7 23. Bc4 Ne5 24. Nxf7+ Nxf7 25. Rbf3 Be6 26. Bxe6 Ne5
27. Rxf8+ Rxf8 28. Rxf8+ Qxf8 29. Kg1 Kg7 30. Qe3 Qd6 31. Bb3 Qd1+ 0-1

[Event "SR 2. liga A 2011/2012"]
[Site "?"]
[Date "2012.02.25"]
[Round "55.7"]
[White "Krajnak, Robert"]
[Black "Holubcik, Marian"]
[Result "1/2-1/2"]
[WhiteElo "2094"]
[BlackElo "2003"]
[PlyCount "81"]
[EventDate "2011.??.??"]
[WhiteTeam "Slovakia"]
[BlackTeam "Slovakia"]
[WhiteTeamCountry "SVK"]
[BlackTeamCountry "SVK"]

1. c4 {0} e6 2. Nf3 d5 3. g3 Nf6 4. Bg2 c6 5. Qc2 Bd6 6. O-O O-O 7. d3 Nbd7 8.
b3 Qe7 9. a4 a5 10. Nc3 Re8 11. Bg5 h6 12. Bd2 Nf8 13. e4 dxe4 14. dxe4 e5 15.
Nh4 Qc7 16. Nf5 Bc5 17. Be3 Ne6 18. Rad1 Qb6 19. Ne2 Bxe3 20. fxe3 Ng4 21. Qc3
Ng5 22. c5 Qb4 23. Nd6 Qxc3 24. Nxc3 Re7 25. Rd3 Be6 26. Ne2 Nf6 27. h4 Ngh7
28. Rfd1 Rd7 29. Nc1 Nf8 30. Kf2 Ne8 31. Bf1 Nxd6 32. Rxd6 Rad8 33. Bc4 Rxd6
34. cxd6 f6 35. Ke2 Kf7 36. Nd3 Nd7 37. Nb2 Nb6 38. Rd3 Nd7 39. Bxe6+ Kxe6 40.
Rc3 c5 41. Nc4 1/2-1/2

[Event "SR 2. liga A 2011/2012"]
[Site "?"]
[Date "2012.02.25"]
[Round "55.8"]
[White "Mikulasek, Viktor"]
[Black "Polacik, Igor"]
[Result "0-1"]
[WhiteElo "1871"]
[BlackElo "2165"]
[PlyCount "92"]
[EventDate "2011.??.??"]
[WhiteTeam "Slovakia"]
[BlackTeam "Slovakia"]
[WhiteTeamCountry "SVK"]
[BlackTeamCountry "SVK"]

1. e4 e5 2. Nf3 Nc6 3. Bb5 d6 4. h3 Bd7 5. O-O Nge7 6. c3 a6 7. Ba4 Ng6 8. d4
Be7 9. Re1 h6 10. Nbd2 Bg5 11. Nf1 Bxc1 12. Rxc1 O-O 13. Ng3 Qe8 14. d5 Nce7
15. Bc2 Nf4 16. Nh4 g6 17. Ne2 Nxe2+ 18. Qxe2 Qd8 19. Qd2 Kg7 20. Nf3 g5 21.
Nh2 Ng6 22. Nf1 Nh4 23. Qe2 Qe8 24. Bd1 f5 25. f3 b6 26. g3 Ng6 27. Bc2 fxe4
28. Bxe4 Bxh3 29. Bxg6 Kxg6 30. Ne3 Bd7 31. g4 Rf4 32. Ng2 Rf6 33. c4 a5 34. b3
Qf8 35. Rc3 Qf7 36. Kh2 Kg7 37. Kg3 Rh8 38. Qe3 Qg6 39. Qe2 h5 40. Rh1 h4+ 41.
Kh3 Rhf8 42. Rd1 e4 43. fxe4 Rf2 44. Qe1 Qh5 45. Qg1 Bxg4+ 46. Kh2 Bxd1 0-1

[Event "SR 2. liga A 2011/2012"]
[Site "?"]
[Date "2012.02.25"]
[Round "56.1"]
[White "Schwarz, Dusan"]
[Black "Varga, David"]
[Result "1-0"]
[WhiteElo "2286"]
[BlackElo "2355"]
[PlyCount "65"]
[EventDate "2011.??.??"]
[WhiteTeam "Slovakia"]
[BlackTeam "Slovakia"]
[WhiteTeamCountry "SVK"]
[BlackTeamCountry "SVK"]

1. d4 Nf6 2. c4 c6 3. Nc3 d5 4. Nf3 dxc4 5. a4 Bf5 6. Nh4 Bg4 7. h3 Bh5 8. g4
Bg6 9. Nxg6 hxg6 10. e4 e5 11. Bxc4 exd4 12. e5 Bb4 13. exf6 Qxf6 14. O-O Rxh3
15. Kg2 Rh4 16. Ne4 Qe7 17. f3 Nd7 18. Bg5 Rxg4+ 19. fxg4 Qxe4+ 20. Qf3 Qxf3+
21. Rxf3 Ne5 22. Rb3 Bd6 23. Be2 f6 24. Bf4 O-O-O 25. Bxe5 Bxe5 26. Bd3 g5 27.
Rh1 Kc7 28. Rh7 Rd7 29. Rh8 Kd6 30. Bf5 Re7 31. Rd8+ Kc7 32. Ra8 a6 33. Ra7 1-0

[Event "SR 2. liga A 2011/2012"]
[Site "?"]
[Date "2012.02.25"]
[Round "56.2"]
[White "Petenyi, Tamas"]
[Black "Janos, Martin"]
[Result "1-0"]
[WhiteElo "2347"]
[BlackElo "2252"]
[PlyCount "81"]
[EventDate "2011.??.??"]
[WhiteTeam "Slovakia"]
[BlackTeam "Slovakia"]
[WhiteTeamCountry "SVK"]
[BlackTeamCountry "SVK"]

1. e4 c5 2. Nf3 Nc6 3. Bb5 d6 4. c3 a6 5. Ba4 Nf6 6. Bc2 e5 7. O-O Be7 8. Re1
Qc7 9. d3 O-O 10. Nbd2 b5 11. Nf1 d5 12. Bg5 d4 13. cxd4 cxd4 14. Rc1 h6 15.
Bh4 Qd6 16. Bb3 Na5 17. Bg3 Nc6 18. Nxe5 Nxe5 19. f4 Neg4 20. e5 Qd8 21. exf6
Bxf6 22. Qf3 Bf5 23. Rc5 g6 24. Nd2 Ne3 25. Ne4 Be7 26. Rc6 Kh7 27. Bf2 Ng4 28.
Ng3 Bd7 29. Rc2 Nxf2 30. Qxf2 Bf6 31. Ne4 Bg7 32. Nd6 Qf6 33. Ne4 Qb6 34. Qh4
Rae8 35. Ng5+ Kg8 36. Nxf7 Bf6 37. Ne5+ Be6 38. Qxh6 Bxb3 39. Qxg6+ Kh8 40.
axb3 Qa5 41. Nf7+ 1-0

[Event "SR 2. liga A 2011/2012"]
[Site "?"]
[Date "2012.02.25"]
[Round "56.3"]
[White "Novak, Ivan"]
[Black "Lesny, Stefan"]
[Result "1/2-1/2"]
[WhiteElo "2187"]
[BlackElo "2074"]
[PlyCount "111"]
[EventDate "2011.??.??"]
[WhiteTeam "Slovakia"]
[BlackTeam "Slovakia"]
[WhiteTeamCountry "SVK"]
[BlackTeamCountry "SVK"]

1. Nc3 e5 2. Nf3 Nc6 3. d4 exd4 4. Nxd4 d6 5. g3 Nxd4 6. Qxd4 Nf6 7. Bg2 c6 8.
Bf4 d5 9. e4 dxe4 10. Qxd8+ Kxd8 11. O-O-O+ Ke8 12. Rhe1 Be6 13. Nxe4 Nxe4 14.
Rxe4 Rd8 15. Rde1 Kd7 16. Bg5 Re8 17. Be3 a6 18. Bd4 f5 19. R4e3 Rg8 20. Rd1 g6
21. Bb6+ Ke7 22. Bc5+ Kf6 23. Bxf8 Rgxf8 24. b3 Rd8 25. Red3 Rxd3 26. Rxd3 Ke7
27. Kd2 f4 28. Ke2 Bf5 29. Rc3 fxg3 30. hxg3 Kd6 31. Rc4 Rf7 32. Rd4+ Ke5 33.
c3 Re7 34. Rd8 Bb1 35. a3 Ba2 36. b4 Bc4+ 37. Kd2 Kf6 38. Bf3 h5 39. a4 Bb3 40.
a5 Bf7 41. Be2 Be6 42. f4 Bf5 43. c4 Ke6 44. Rh8 Kf6 45. Rf8+ Ke6 46. Rh8 Kf6
47. Rd8 Ke6 48. b5 cxb5 49. cxb5 axb5 50. Bf3 Rc7 51. Rb8 Rc2+ 52. Ke3 Rc3+ 53.
Kf2 Rc2+ 54. Ke3 Rc3+ 55. Kf2 Rc2+ 56. Ke3 1/2-1/2

[Event "SR 2. liga A 2011/2012"]
[Site "?"]
[Date "2012.02.25"]
[Round "56.4"]
[White "Takacs, Laszlo"]
[Black "Janos, Jozef"]
[Result "1/2-1/2"]
[WhiteElo "1976"]
[BlackElo "2145"]
[PlyCount "106"]
[EventDate "2011.??.??"]
[WhiteTeam "Slovakia"]
[BlackTeam "Slovakia"]
[WhiteTeamCountry "SVK"]
[BlackTeamCountry "SVK"]

1. e4 c5 2. Nf3 d6 3. d4 cxd4 4. Nxd4 Nf6 5. Nc3 a6 6. Be2 e5 7. Nb3 Be6 8. O-O
Be7 9. f4 b5 10. f5 Bxb3 11. axb3 Nbd7 12. Bf3 O-O 13. Bg5 Qc7 14. Qd2 Rfc8 15.
Rf2 b4 16. Nd5 Nxd5 17. exd5 Bxg5 18. Qxg5 Nf6 19. Re1 Qc5 20. Qe3 Ra7 21. Qxc5
Rxc5 22. Rd2 Rac7 23. Ree2 Ra5 24. Rd1 Ra2 25. Rb1 Rc5 26. Kf1 Kf8 27. g4 h6
28. h4 Ke7 29. Rd2 Raa5 30. Rbd1 Rc8 31. g5 hxg5 32. hxg5 Nd7 33. Rh2 Ra2 34.
Rb1 f6 35. g6 Nb6 36. Be4 a5 37. Rh7 Rg8 38. c3 Nd7 39. c4 a4 40. bxa4 Nc5 41.
Bc2 b3 42. Bd1 Rxa4 43. Rc1 Ra2 44. Rb1 Ra4 45. Be2 Kd7 46. Kf2 Kc7 47. Ke3 Kb6
48. Kd2 Ka5 49. Kc3 Ne4+ 50. Kd3 Nc5+ 51. Kc3 Ne4+ 52. Kd3 Nc5+ 53. Kc3 Ne4+
1/2-1/2

[Event "SR 2. liga A 2011/2012"]
[Site "?"]
[Date "2012.02.25"]
[Round "56.5"]
[White "Hajek, Lukas"]
[Black "Obdrzalkova, Anita"]
[Result "1/2-1/2"]
[WhiteElo "2038"]
[BlackElo "1994"]
[PlyCount "116"]
[EventDate "2011.??.??"]
[WhiteTeam "Slovakia"]
[BlackTeam "Slovakia"]
[WhiteTeamCountry "SVK"]
[BlackTeamCountry "SVK"]

1. d4 Nf6 2. c4 e6 3. Nf3 c5 4. Nc3 a6 5. e3 Be7 6. Be2 O-O 7. O-O b6 8. h3 Bb7
9. d5 exd5 10. cxd5 d6 11. a4 Re8 12. e4 Nbd7 13. Bf4 Bf8 14. Qc2 Qc7 15. Rfe1
g6 16. Bf1 Bg7 17. Rad1 Rad8 18. Bh2 Ne5 19. Nd2 g5 20. Bxe5 dxe5 21. Nc4 Nd7
22. Ne3 Bf8 23. Qd2 Bd6 24. Nf5 f6 25. h4 Kh8 26. hxg5 fxg5 27. Qxg5 Rg8 28.
Qh5 Rdf8 29. Re3 Nf6 30. Rg3 Bc8 31. Rxg8+ Nxg8 32. Nxd6 Qxd6 33. f3 Rf4 34.
Qg5 {( necitatelne zapisy )} Rf6 35. Qc1 Rh6 36. Qd2 c4 37. Kf2 Bd7 38. Qc2 b5
39. axb5 axb5 40. Ne2 Qc5+ 41. Ke1 Ne7 42. Rc1 Ng6 43. b3 Nf4 44. bxc4 Qe3 45.
Qc3 Nd3+ 46. Kd1 b4 47. Qd2 Ba4+ 48. Rc2 Bxc2+ 49. Kxc2 b3+ 50. Kc3 Qxd2+ 51.
Kxd2 Nc5 52. Nc3 Rh1 53. Be2 Rg1 54. g4 b2 55. Bd1 Rg2+ 56. Ke3 Rg1 57. Kd2
Rg2+ 58. Ke3 Rg1 1/2-1/2

[Event "SR 2. liga A 2011/2012"]
[Site "?"]
[Date "2012.02.25"]
[Round "56.6"]
[White "Merva, Frantisek"]
[Black "Chovanec, Vladimir"]
[Result "0-1"]
[WhiteElo "2047"]
[BlackElo "2114"]
[PlyCount "42"]
[EventDate "2011.??.??"]
[WhiteTeam "Slovakia"]
[BlackTeam "Slovakia"]
[WhiteTeamCountry "SVK"]
[BlackTeamCountry "SVK"]

1. e4 e6 2. d4 d5 3. exd5 exd5 4. Bd3 c5 5. Qe2+ Be7 6. dxc5 Nf6 7. c3 O-O 8.
Be3 Re8 9. b4 a5 10. Nf3 Bg4 11. h3 Bxf3 12. Qxf3 axb4 13. cxb4 d4 14. Bd2
Bxc5+ 15. Kf1 Bb6 16. Bb5 Nc6 17. Na3 d3 18. Nc4 Nd4 19. Qxb7 Rb8 20. Qa6 Nxb5
21. Qxb5 Bd4 0-1

[Event "SR 2. liga A 2011/2012"]
[Site "?"]
[Date "2012.02.25"]
[Round "56.7"]
[White "Danada, Tomas"]
[Black "Partys, Petr"]
[Result "1/2-1/2"]
[WhiteElo "1960"]
[BlackElo "2027"]
[PlyCount "55"]
[EventDate "2011.??.??"]
[WhiteTeam "Slovakia"]
[BlackTeam "Slovakia"]
[WhiteTeamCountry "SVK"]
[BlackTeamCountry "SVK"]

1. d4 Nf6 2. Nf3 e6 3. Bf4 d5 4. e3 Bd6 5. Bxd6 Qxd6 6. c3 b6 7. Qa4+ Nbd7 8.
Qa3 c5 9. Nbd2 O-O 10. Be2 Bb7 11. O-O Rfe8 12. Rad1 Qc7 13. Rfe1 a5 14. Qa4
Bc6 15. Bb5 Bxb5 16. Qxb5 Rec8 17. Qe2 h6 18. e4 dxe4 19. Nxe4 Nxe4 20. Qxe4
Nf6 21. Qe5 Qc6 22. dxc5 bxc5 23. Rd2 Rd8 24. Red1 Rd5 25. Qe2 Rad8 26. h3 Rxd2
27. Rxd2 Rxd2 28. Qxd2 1/2-1/2

[Event "SR 2. liga A 2011/2012"]
[Site "?"]
[Date "2012.02.25"]
[Round "56.8"]
[White "Feher, Tibor"]
[Black "Machalec, Vladimir"]
[Result "0-1"]
[WhiteElo "1802"]
[BlackElo "1926"]
[PlyCount "90"]
[EventDate "2011.??.??"]
[WhiteTeam "Slovakia"]
[BlackTeam "Slovakia"]
[WhiteTeamCountry "SVK"]
[BlackTeamCountry "SVK"]

1. d4 Nf6 2. c4 g6 3. Nf3 Bg7 4. Nc3 O-O 5. e3 d5 6. cxd5 Nxd5 7. Nxd5 Qxd5 8.
Be2 Nc6 9. O-O Bf5 10. Bd3 Bg4 11. Be2 Rad8 12. h3 Bf5 13. Bd2 e5 14. dxe5 Nxe5
15. Bc3 Nxf3+ 16. Bxf3 Qxd1 17. Raxd1 Bxc3 18. bxc3 b6 19. Bc6 Bc2 20. Rd4 Rd6
21. Rxd6 cxd6 22. Rc1 Bf5 23. Rd1 Rd8 24. e4 Be6 25. e5 Bxa2 26. exd6 Be6 27.
f4 Kf8 28. Kf2 f5 29. Bb5 a5 30. Ke3 Kf7 31. Rd4 Bd7 32. Bc4+ Kf6 33. Kd2 b5
34. Bd5 Be6 35. Bc6 Bc4 36. Bd5 Rxd6 37. Bf3 Rxd4+ 38. cxd4 Ke6 39. g3 b4 40.
Kc2 Bd5 41. Be2 a4 42. Kb1 Be4+ 43. Ka1 Kd5 44. Bb5 a3 45. h4 b3 0-1

[Event "SR 2. liga A 2011/2012"]
[Site "?"]
[Date "2012.02.25"]
[Round "57.1"]
[White "Rohacek, Miroslav"]
[Black "Likavsky, Tomas"]
[Result "1-0"]
[WhiteElo "2297"]
[BlackElo "2486"]
[PlyCount "67"]
[EventDate "2011.??.??"]
[WhiteTeam "Slovakia"]
[BlackTeam "Slovakia"]
[WhiteTeamCountry "SVK"]
[BlackTeamCountry "SVK"]

1. d4 Nf6 2. Nf3 e6 3. c4 d5 4. Nc3 Nbd7 5. e3 a6 6. b3 b6 7. Bb2 Bb7 8. Rc1
Bd6 9. Bd3 O-O 10. O-O dxc4 11. Bxc4 e5 12. dxe5 Nxe5 13. Be2 Qe7 14. Nd4 g6
15. Rc2 Rad8 16. Rd2 c5 17. Nf3 Bc7 18. Nxe5 Qxe5 19. g3 Qe6 20. Re1 Ne4 21.
Rxd8 Rxd8 22. Qc1 Ng5 23. e4 Nxe4 24. Bc4 Qf5 25. Nxe4 Bxe4 26. Qc3 Rd4 27. Qe3
Bc6 28. Bxd4 cxd4 29. Qxd4 h5 30. Bd3 Qf3 31. Be4 Bxe4 32. Rxe4 Bd6 33. Re8+
Bf8 34. Qd8 1-0

[Event "SR 2. liga A 2011/2012"]
[Site "?"]
[Date "2012.02.25"]
[Round "57.2"]
[White "Doucha, Ludvik"]
[Black "Kovac, Andrej"]
[Result "0-1"]
[WhiteElo "2102"]
[BlackElo "2154"]
[PlyCount "80"]
[EventDate "2011.??.??"]
[WhiteTeam "Slovakia"]
[BlackTeam "Slovakia"]
[WhiteTeamCountry "SVK"]
[BlackTeamCountry "SVK"]

1. e4 e6 2. d3 d5 3. Nd2 c5 4. g3 Nc6 5. Bg2 g6 6. Ngf3 Bg7 7. O-O Nge7 8. Re1
h6 9. c3 b6 10. e5 Qc7 11. Qe2 g5 12. h3 Ba6 13. Nf1 Ng6 14. Qc2 Ngxe5 15. Nxe5
Bxe5 16. Bxd5 exd5 17. d4 O-O 18. dxe5 Nxe5 19. Qf5 Rae8 20. Bxg5 Bd3 21. Qf4
hxg5 22. Qxg5+ Bg6 23. Nh2 f6 24. Qd2 Be4 25. Qd1 Qg7 26. b3 Qg6 27. Re3 Rd8
28. Qe2 Bd3 29. Qd1 d4 30. cxd4 cxd4 31. Re1 Be4 32. g4 Nd3 33. Re2 Nf4 34. Rd2
Nxh3+ 35. Kf1 Nf4 36. f3 Bd3+ 37. Kf2 Qh7 38. Kg3 Qh3+ 39. Kxf4 f5 40. Kg5 Kg7
0-1

[Event "SR 2. liga A 2011/2012"]
[Site "?"]
[Date "2012.02.25"]
[Round "57.3"]
[White "Kralovic, Andrej"]
[Black "Arendas, Marek"]
[Result "0-1"]
[WhiteElo "2172"]
[BlackElo "2082"]
[PlyCount "118"]
[EventDate "2011.??.??"]
[WhiteTeam "Slovakia"]
[BlackTeam "Slovakia"]
[WhiteTeamCountry "SVK"]
[BlackTeamCountry "SVK"]

1. e4 c6 2. d4 d5 3. e5 c5 4. Nf3 cxd4 5. Nxd4 e6 6. Nd2 Nc6 7. N2f3 Qb6 8. Be2
Bc5 9. c3 Nge7 10. O-O Ng6 11. Nxc6 bxc6 12. b4 Be7 13. Be3 Qc7 14. Qd4 f6 15.
exf6 Bxf6 16. Qd2 O-O 17. Rac1 Rd8 18. Bd3 e5 19. Bxg6 hxg6 20. Bg5 Ba6 21.
Rfe1 Re8 22. Bxf6 gxf6 23. Re3 Rad8 24. Nh4 Qh7 25. Nxg6 Kf7 26. Rg3 Rg8 27.
Qe3 Rd7 28. Nxe5+ fxe5 29. Qxe5 Rxg3 30. Qf4+ Kg8 31. Qxg3+ Qg7 32. Qb8+ Qf8
33. Qe5 Re7 34. Qg3+ Rg7 35. Qe5 Re7 36. Qg3+ Qg7 37. Qd6 Qe5 38. Qg6+ Kf8 39.
h4 Qf4 40. Ra1 Qxh4 41. Qxc6 Bc4 42. Qd6 Kf7 43. Rd1 Bxa2 44. Qc5 Bc4 45. b5
Qf6 46. Ra1 Qb6 47. Qc8 Qe6 48. Qc5 Qd7 49. b6 a6 50. Rd1 Qe6 51. Rd4 Qh6 52.
Rd1 Qf4 53. Rb1 Qe4 54. Rd1 Qe2 55. Rd4 Qe5 56. Rh4 Bd3 57. Rd4 Be4 58. f3 Bxf3
59. gxf3 Qg3+ 0-1

[Event "SR 2. liga A 2011/2012"]
[Site "?"]
[Date "2012.02.25"]
[Round "57.4"]
[White "Hertel, Ondrej"]
[Black "Kimerling, Martin"]
[Result "1-0"]
[WhiteElo "2073"]
[BlackElo "2015"]
[PlyCount "117"]
[EventDate "2011.??.??"]
[WhiteTeam "Slovakia"]
[BlackTeam "Slovakia"]
[WhiteTeamCountry "SVK"]
[BlackTeamCountry "SVK"]

1. d4 Nf6 2. Nf3 c5 3. g3 cxd4 4. Nxd4 e5 5. Nf3 Nc6 6. Bg2 d6 7. Nc3 Be6 8. e4
Be7 9. Nd5 O-O 10. O-O Rc8 11. c3 b5 12. h3 a5 13. Be3 a4 14. Ne1 Bxd5 15. exd5
Na5 16. Nd3 a3 17. b3 Rxc3 18. Qd2 Rc8 19. Rac1 Ra8 20. Qb4 Qd7 21. Bb6 Bd8 22.
Bxd8 Rfxd8 23. Rc2 Qf5 24. Rd1 e4 25. Ne1 Nb7 26. Qxb5 Nc5 27. g4 Qe5 28. Qc4
Rdb8 29. Qc3 Qg5 30. Qd2 Qh4 31. Qf4 h5 32. Qxd6 Nb7 33. Qf4 hxg4 34. hxg4 Nxg4
35. Bxe4 g5 36. Ng2 Qh5 37. Qf3 Qh2+ 38. Kf1 Qh5 39. Ke1 Nd6 40. Re2 Rb4 41.
Bd3 Qh2 42. Qg3 Qh6 43. Ne3 Nh2 44. f4 Nf3+ 45. Qxf3 Rxf4 46. Qg2 Re8 47. Kd2
Qf6 48. Rc1 Rf3 49. Nf5 Rxd3+ 50. Kxd3 Qxf5+ 51. Kd2 Qf4+ 52. Kd1 Qd4+ 53. Rd2
Qf4 54. Rc6 Ne4 55. Re2 f5 56. Qh1 Nf2+ 57. Rxf2 Qxf2 58. Rg6+ Kf8 59. Qh8+ 1-0

[Event "SR 2. liga A 2011/2012"]
[Site "?"]
[Date "2012.02.25"]
[Round "57.5"]
[White "Padysak, Tomas"]
[Black "Liptak, Dusan"]
[Result "1/2-1/2"]
[WhiteElo "2025"]
[BlackElo "2075"]
[PlyCount "83"]
[EventDate "2011.??.??"]
[WhiteTeam "Slovakia"]
[BlackTeam "Slovakia"]
[WhiteTeamCountry "SVK"]
[BlackTeamCountry "SVK"]

1. e4 e6 2. d3 d5 3. Nd2 c5 4. Ngf3 Nc6 5. g3 Nf6 6. Bg2 Be7 7. O-O O-O 8. Re1
Qc7 9. e5 Ng4 10. Qe2 f6 11. exf6 gxf6 12. h3 Nge5 13. Nxe5 Nxe5 14. f4 Nc6 15.
Nf3 Bd7 16. c3 Kh8 17. d4 Bd6 18. Be3 c4 19. Bf2 Ne7 20. Nh4 b5 21. Kh2 Rg8 22.
Bf3 a5 23. Bg4 f5 24. Bh5 Rgf8 25. Nf3 Nc6 26. Ne5 Nxe5 27. fxe5 Be7 28. Be3
Be8 29. Bf3 b4 30. Bd2 bxc3 31. bxc3 a4 32. Rab1 a3 33. Bh6 Rg8 34. Bh5 Bg6 35.
Bf4 Rab8 36. h4 Qa5 37. Bxg6 hxg6 38. Qc2 Qa7 39. Rxb8 Rxb8 40. Rb1 Kg7 41. Kg2
Rb6 42. Bc1 1/2-1/2

[Event "SR 2. liga A 2011/2012"]
[Site "?"]
[Date "2012.02.25"]
[Round "57.6"]
[White "Puchart, Vladimir"]
[Black "Mikova, Veronika"]
[Result "0-1"]
[WhiteElo "2079"]
[BlackElo "2060"]
[PlyCount "53"]
[EventDate "2011.??.??"]
[WhiteTeam "Slovakia"]
[BlackTeam "Slovakia"]
[WhiteTeamCountry "SVK"]
[BlackTeamCountry "SVK"]

1. d4 e6 2. c4 b6 3. Nf3 Bb7 4. g3 f5 5. Bg2 Nf6 6. O-O Be7 7. b3 O-O 8. Bb2
Ne4 9. Ne5 d6 10. Nd3 Bg5 11. Qc2 Nd7 12. Nc3 Rb8 13. Rad1 Nxc3 14. Bxc3 Bxg2
15. Kxg2 f4 16. Bd2 e5 17. dxe5 dxe5 18. Bb4 Re8 19. c5 Qf6 20. cxb6 Qxb6 21.
Ba3 Nf6 22. Kg1 Ng4 23. Qc4+ Kh8 24. h3 Nf6 25. Bc5 Qb7 26. Nb4 Ne4 27. Nd5 {
a bielemu vyprsal èas} 0-1

[Event "SR 2. liga A 2011/2012"]
[Site "?"]
[Date "2012.02.25"]
[Round "57.7"]
[White "Sebo, Viktor"]
[Black "Sturdik, Igor"]
[Result "1-0"]
[WhiteElo "1924"]
[BlackElo "2067"]
[PlyCount "103"]
[EventDate "2011.??.??"]
[WhiteTeam "Slovakia"]
[BlackTeam "Slovakia"]
[WhiteTeamCountry "SVK"]
[BlackTeamCountry "SVK"]

1. e4 Nf6 2. Nc3 d5 3. e5 d4 4. exf6 dxc3 5. fxg7 cxd2+ 6. Bxd2 Bxg7 7. c3 Qd5
8. Nf3 Nc6 9. Be2 Bg4 10. Qa4 Bf5 11. Rd1 Qe4 12. Qb5 Bd7 13. Qxb7 Rb8 14. Qxc7
Rxb2 15. O-O Be5 16. Nxe5 Qxe5 17. Qxe5 Nxe5 18. Rb1 Rxb1 19. Rxb1 Nc6 20. Rb7
Kd8 21. Bf4 e5 22. Bg5+ Kc8 23. Ba6 Nb8 24. Rxa7+ Nxa6 25. Rxa6 Kb7 26. Ra5 Re8
27. Be3 Kc6 28. c4 f5 29. Ra6+ Kb7 30. Ra7+ Kc6 31. c5 f4 32. Ra6+ Kb7 33. Rb6+
Kc7 34. Bd2 Bc6 35. Ra6 Kb7 36. Rb6+ Kc7 37. Ba5 Rg8 38. g3 f3 39. Ra6+ Kb7 40.
Rb6+ Kc7 41. Rb4+ Kd7 42. Rh4 Ra8 43. Rxh7+ Ke6 44. Rh6+ Kd5 45. Bb6 Rxa2 46.
h4 Bb5 47. Rd6+ Ke4 48. h5 Kf5 49. h6 Ra1+ 50. Kh2 Bf1 51. g4+ Kxg4 52. Rg6+ {
a èierny prekroèil èas} 1-0

[Event "SR 2. liga A 2011/2012"]
[Site "?"]
[Date "2012.02.25"]
[Round "57.8"]
[White "Stetina, Erik"]
[Black "Sklars, Tomas"]
[Result "0-1"]
[WhiteElo "2042"]
[BlackElo "1898"]
[PlyCount "138"]
[EventDate "2011.??.??"]
[WhiteTeam "Slovakia"]
[BlackTeam "Slovakia"]
[WhiteTeamCountry "SVK"]
[BlackTeamCountry "SVK"]

1. e4 c5 2. c4 Nc6 3. Nc3 g6 4. d3 Bg7 5. g3 e5 6. Bg2 Nge7 7. Nge2 O-O 8. O-O
Rb8 9. f4 d6 10. h3 a6 11. a4 Bd7 12. Kh2 Nd4 13. Nxd4 cxd4 14. Ne2 b5 15. axb5
axb5 16. b3 bxc4 17. bxc4 Qc7 18. g4 f6 19. Ng3 Nc6 20. f5 g5 21. h4 h6 22.
hxg5 hxg5 23. Nh5 Be8 24. Ng3 Na5 25. Rh1 Nb3 26. Ra2 Nc5 27. Kg1 Bf7 28. Bf1
Rb1 29. Qc2 Rb3 30. Nh5 Bxh5 31. Rxh5 Rc3 32. Qd1 Rb8 33. Rc2 Rxc2 34. Qxc2 Qb6
35. Bxg5 fxg5 36. Rxg5 Qd8 37. Rg6 Kf7 38. g5 Qh8 39. Rxd6 Qh4 40. Qg2 Rh8 41.
f6 Bf8 42. g6+ Ke8 43. Rb6 Nd7 44. Re6+ Kd8 45. g7 Bxg7 46. fxg7 Rg8 47. Qg6
Qf4 48. Ra6 Qe3+ 49. Kh1 Qf2 50. Qg2 Qf7 51. Ra8+ Ke7 52. Rxg8 Qxg8 53. Qg6 Nf6
54. Bh3 Qb8 55. Qf5 Qb1+ 56. Qf1 Qb8 57. Bf5 Qe8 58. Qh3 Qa4 59. Qf1 Qe8 60.
Qh3 Qa4 61. Kh2 Qd1 62. Qg2 Qh5+ 63. Kg1 Qd1+ 64. Kh2 Qh5+ 65. Bh3 Kf7 66. c5
Qh6 67. c6 Qf4+ 68. Qg3 Qd2+ 69. Qg2 Qf4+ {a biely prekroèil èas} 0-1